04174nam a2200421 a 450000100100000000500170001000800410002702000180006802000180008604000250010408200170012924501650014626000910031130000190040250000730042150000690049450517720056359000260233565000550236165000460241665000340246265100820249665100860257870000430266470000320270770000570273970000430279671000930283971000760293291000370300895201230304595201230316895201080329195201140339995201080351395201140362199900170373500002983220250219170734.0110426s2011 dr 000 0 spa d a9789945869651 a9789945869668 aDO-SdBNPbspacBNPHU a304.8bM935m00aMovimientos migratorios desde y hacia la República Dominicana /ceditor Roberto E. Liz ; prólogo Juan Temístocles Montas ; introducción Wilfredo Lozano. aSanto Domingo :bMinisterio de Economia, Planificación y Desarrollo :bFIES ,c2011. a2 v. ;c23 cm. aIncluye referencias bibliográficas y notas al pie de las páginas aIncluye referencias bibliográficas al final de los capítulos0 gv.1tPresentación /rRoberto E. Liz --tPrólogo /tJuan Temístocles Montás --tIntroducción /rWilfredo Lozano --tLa mano de obra haitiana en la construcción: características, valoraciones y prácticas /rIsis Duarte --tCostos y beneficios de la mano de obra haitiana en el sector construcción /rMilka Cuello y Felipe Santos --tLa presencia de la mujeres migrantes haitianas en el servicio doméstico en la República Dominicana /rBridget Wooding y Alicia Sangro --tImpacto de la migración haitiana sobre el mercado laboral y las finanzas públicas en la República Dominicana /rJaime Aristy Escuder --tRemesas, pobreza y desigualdad: una perspectiva desde los hogares y las regiones de la República Dominicana /rRamonina Brea y Joel Arboleda --tNotas bibliográfica de los autores --gv. 2tÍndice general --tPresentación de los editores /rRoberto E. Liz --tPrólogo /rJuan Temístocles Montás --tintroducción: las rutas de inmigración /rWilfredo Lozano --tLa migración y sus repercusiones en la escuela: análisis de la situación y de la percepciones de cambio social /rRaymundo González, Josefina Zaiter, Monica Gozález --tInclusión de niños inmigrantes haitianos en el sistema escolar dominicano /rLiliam N. García Márquez, Víctor Ml. Brens Paulino --tLos estudiantes universitarios haitianos en la República Dominicana /rFrank D´Oleo Ramírez --tOtras migraciones y remesas --tLa otra migración: estudios sobre la corrientes de in migración de procedencia extra-insular /rFrancisco E. Cáceres Ureña, Francisco B. Báez Evertz, César A. Caamaño Díaz --tMigraciones a España y remesas /rAlejandro Martínez, Alicia Sangro --tNota biográfica de los autores aInventariado, 2018/VM 4aMigración internazRepública Dominicana953304 4aHaitianos en república dominicana92246 0aDominicanos en España92176 4aRepública DominicanaxEmigración E InmigraciónxAspectos Sociales99361 4aRepública DominicanaxEmigración E InmigraciónxAspectos Económicos9935912aLozano, Wilfredod1950-eintrod.9712612aLiz, Roberto E.eed.93748812aMontás, Juan Temístocles d1950-epról.9796761 aLozano, Wilfredod1950-eintrod.971261 aRepública Dominicana. bMinisterio de Economía, Planificación y Desarrollo 9661422 aFondo para el Fomento de la Investigación Económica y Social956587 aValidado. Control de calidad MFF 001054708PDaGRbGRcHDd2011-04-26iLF1l0ov. 1, e. 3p29832-30r2020-06-25w2020-06-25yLFPDZPréstamo en sala 001054708PDaGRbGRcHDd2011-05-10iLF1l0ov. 2, e. 3p29832-60r2020-06-25w2020-06-25yLFPDZPréstamo en sala 0010718PDaPDbPDcHDd2011-04-26iLF1l0ov. 1p29832-10r2020-06-25w2020-06-25yLFPDZNo se presta 0010718PDaPDbPDcHDd2011-04-26iLF1l0ov. 1, e. 2p29832-20r2020-06-25w2020-06-25yLFPDZNo se presta 0010718PDaPDbPDcHDd2011-05-10iLF1l0ov. 2p29832-40r2020-06-25w2020-06-25yLFPDZNo se presta 0010718PDaPDbPDcHDd2011-05-10iLF1l0ov. 2, e. 2p29832-50r2020-06-25w2020-06-25yLFPDZNo se presta c29324d29324